| 000 | 00998cam a22003015a 4500 | ||
|---|---|---|---|
| 001 | 013282577 | ||
| 003 | OSt | ||
| 005 | 20180117105430.0 | ||
| 008 | 050824s2006 enka frb 001 0 eng | ||
| 020 | _a9780273694786 (pbk.) | ||
| 020 | _a0273694782 (pbk.) | ||
| 040 |
_aStDuBDS _beng _cStDuBDS _dUk _dEG-ScBUE |
||
| 082 | 0 | 4 |
_a174.4 _bFIS _222 |
| 082 | 0 | 4 |
_a658.408 _bFIS _222 |
| 100 | 1 |
_aFisher, Colin _q(Colin M.) _934510 |
|
| 245 | 1 | 0 |
_aBusiness ethics and values : _bindividual, corporate and international perspectives / _cColin Fisher and Alan Lovell. |
| 250 | _a2nd ed. | ||
| 260 |
_aHarlow : _bFinancial Times / Prentice Hall, _c2006. |
||
| 300 |
_axxiv, 580 p. : _bill. ; _c25 cm. |
||
| 500 | _aFirst ed.: 2003. | ||
| 504 | _aIncludes bibliographical references and index. | ||
| 650 | 7 |
_aBusiness ethics. _2BUEsh _934511 |
|
| 650 | 7 |
_aBusiness ethics _vCase studies. _2BUEsh _934512 |
|
| 651 | _2BUEsh | ||
| 653 |
_bBUSADM _cJanuary2018 |
||
| 700 | 1 |
_aLovell, Alan. _934513 |
|
| 942 | _2ddc | ||
| 999 |
_c17773 _d17745 |
||